Zwei Beispiele frühchristlicher 'Vergilrezeption' Polemik (Lact., div. inst. 5,10) und Usurpation (Or. Const. 19-21) /

Elmentve itt :
Bibliográfiai részletek
Szerzők: Wlosok Antonie
Vergilius Maro Publius
Dokumentumtípus: Cikk
Megjelent: 1984
Sorozat:Acta Universitatis de Attila József nominatae : acta antiqua et archaeologica 25
Kulcsszavak:Irodalomtudomány
Online Access:http://acta.bibl.u-szeged.hu/3968
LEADER 00767nab a2200193 i 4500
001 acta3968
005 20210416115428.0
008 161015s1984 hu o 0|| ger d
022 |a 0567-7246 
040 |a SZTE Egyetemi Kiadványok Repozitórium  |b hun 
041 |a ger 
100 1 |a Wlosok Antonie 
245 1 0 |a Zwei Beispiele frühchristlicher 'Vergilrezeption'  |h [elektronikus dokumentum] :  |b Polemik (Lact., div. inst. 5,10) und Usurpation (Or. Const. 19-21) /  |c  Wlosok Antonie 
260 |c 1984 
300 |a 7-41 
490 0 |a Acta Universitatis de Attila József nominatae : acta antiqua et archaeologica  |v 25 
695 |a Irodalomtudomány 
700 0 2 |a Vergilius Maro Publius  |e aut 
856 4 0 |u http://acta.bibl.u-szeged.hu/3968/1/antiqua_025_007-041.pdf  |z Dokumentum-elérés